Revisión taxonómica de los murciélagos magueyros del género leptonycteris (Chiroptera Phyllostomidae) / (Registro nro. 8318)
[ vista simple ]
| 000 -CABECERA | |
|---|---|
| Campo de control interno | 01915nam a2200253Ia 4500 |
| 008 - ELEMENTOS DE LONGITUD FIJA - INFORMACIÓN GENERAL | |
| Campo de control de longitud fija | 260220t1988||||xx |||||||||||||| ||spa|| |
| 040 ## - FUENTE DE CATALOGACIÓN | |
| Agencia de catalogación original | PY-SlUNAC |
| Idioma de catalogación | spa |
| Convenciones de descripción | rda |
| 041 ## - CÓDIGO DE IDIOMA | |
| Código de idioma para texto/pista de sonido o título separado | spa |
| 082 ## - NÚMERO DE CLASIFICACIÓN DECIMAL DEWEY | |
| Clasificación Decimal Dewey (CDD) | 591 |
| Clasificación Expansiva de Cutter (EC) | Ar46r |
| 100 ## - ASIENTO PRINCIPAL - NOMBRE PERSONAL | |
| Nombre personal | Arita, Hector T. |
| Rol del autor | Autor |
| 245 #0 - TÍTULO | |
| Título | Revisión taxonómica de los murciélagos magueyros del género leptonycteris (Chiroptera Phyllostomidae) / |
| Mención de responsabilidad | por Hector T. Arita [Autor] y Stephen R. Humphrey [Autor] |
| 264 ## - PIE DE IMPRENTA | |
| Lugar | Ciudad de México : |
| Editorial | Instituto de Ecología, |
| Año | ℗1988. |
| 300 ## - DESCRIPCIÓN FÍSICA | |
| Páginas | 1 volumen |
| 520 ## - NOTA DE RESUMEN | |
| Nota de resumen | En "Revisión taxonómica de los murciélagos magueyros del género Leptonycteris", Hector T. Arita presenta un exhaustivo análisis taxonómico de los murciélagos pertenecientes al género Leptonycteris, que se destacan por su vinculación ecológica con las plantas de maguey en México. A través de la recopilación y revisión de datos morfológicos, ecológicos y biogeográficos, el autor establece las características distintivas de las especies dentro de este género, contribuyendo a una mejor comprensión de su diversidad y distribución. La obra se fundamenta en un enfoque sistemático que incluye descripciones detalladas de las especies, así como la identificación de sus hábitats y patrones de comportamiento. Arita también discute la importancia de estos murciélagos en los ecosistemas de su entorno, subrayando su papel en la polinización de plantas y su significado en la conservación. Este estudio es un recurso valioso para investigadores y ecologistas interesados en la biodiversidad de los Chiroptera y la ecología de los ambientes xerófilos. |
| 653 ## - MATERIA - TÉRMINO TEMÁTICO NO CONTROLADO (PALABRAS CLAVE) | |
| Materia - término temático no controlado (palabras clave) | Biodiversidad |
| 653 ## - MATERIA - TÉRMINO TEMÁTICO NO CONTROLADO (PALABRAS CLAVE) | |
| Materia - término temático no controlado (palabras clave) | Murciélagos |
| 653 ## - MATERIA - TÉRMINO TEMÁTICO NO CONTROLADO (PALABRAS CLAVE) | |
| Materia - término temático no controlado (palabras clave) | Taxonomía |
| 700 ## - ENTRADA SECUNDARIA - AUTOR PERSONAL | |
| Nombre personal | Humphrey, Stephen R. |
| Rol del autor | Autor |
| 942 ## - ELEMENTOS PERSONALIZADOS (KOHA) | |
| Fecha catalogación | 2026/02/17 |
| Tipo de documento | Libros |
| Fuente de Clasificacion | Colección | Ubicacion permanente | Biblioteca actual | Fecha de Ingreso a la Biblioteca | Origen de adquisición | Código de ubicación | Código de barras | Tipo de Item KOHA | Nota pública |
|---|---|---|---|---|---|---|---|---|---|
| Dewey Decimal Classification | Colección General (CG) | Biblioteca e Internet, Facultad de Ciencias Exactas y Naturales | Biblioteca e Internet, Facultad de Ciencias Exactas y Naturales | 02/20/2026 | Donación | 591 Ar46r | CG1678 | Libros | Material disponible en la Biblioteca e Intenet, Campus UNA, San Lorenzo. |


